Statistics for Guess the Brand/Company By the Hint

Click here to take the quiz!

General Stats

  • This quiz has been taken 17 times
  • The average score is 3 of 10

Answer Stats

HintAnswer% Correct
QuizzesJetPunk
77%
Golden ArchesMcDonalds
69%
Expensive LeggingsLululemon
54%
Phone CompanyApple
46%
StreamingDisney+
15%
BrowserFirefox
15%
CarFord
8%
ElectricalTesla
8%
ShoesVans
0%
Social MediaX (Twitter)
0%

Score Distribution

Percentile by Number Answered

Percent of People with Each Score

Your Score History

You have not taken this quiz